All Harry Styles Songs (2022) - Statistics

General Stats
  • This quiz has been taken 730 times
  • The average score is 30 of 38
Answer Stats
Album Song % Correct
Fine Line Watermelon Sugar
93%
Fine Line Fine Line
92%
Harry Styles Sign Of The Times
92%
Harry Styles Kiwi
91%
Harry's House Matilda
89%
Fine Line Adore You
87%
Harry Styles Meet Me in the Hallway
87%
Fine Line Cherry
86%
Fine Line Golden
86%
Harry's House Music For a Sushi Restaurant
86%
Fine Line She
86%
Harry Styles Two Ghosts
86%
Harry's House As It Was
85%
Harry Styles Carolina
85%
Unreleased Medicine
85%
Harry's House Satellite
85%
Harry Styles Woman
85%
Harry Styles Ever Since New York
83%
Fine Line Falling
83%
Harry's House Little Freak
83%
Fine Line Canyon Moon
82%
Harry Styles Only Angel
82%
Harry's House Boyfriends
81%
Harry's House Daylight
81%
Harry Styles From the Dining Table
81%
Harry's House Late Night Talking
81%
Fine Line Treat People With Kindness
81%
Harry's House Daydreaming
80%
Harry's House Grapejuice
80%
Harry Styles Sweet Creature
80%
Unreleased Anna
79%
Harry's House Love of my Life
79%
Harry's House Keep Driving
78%
Harry's House Cinema
77%
Fine Line Lights Up
77%
Fine Line To Be So Lonely
77%
Unreleased Girl Crush
23%
Fine Line Sunflower Vo. 6
11%
No matching quizzes found
Score Distribution
Percent of People with Each Score
Percentile by Number Answered
Your Score History
You have not taken this quiz